مكتبة جامعة عجلون الوطنية

فهرس بحث المكتبة

Normal view MARC view
  • السيرة النبوية-التاريخ الاسلامي

Entry Topical Term

Number of records used in: 1

001 - CONTROL NUMBER

  • control field: 24550

003 - CONTROL NUMBER IDENTIFIER

  • control field: JO-AjAnu

005 - DATE AND TIME OF LATEST TRANSACTION

  • control field: 20230606074215.0

008 - FIXED-LENGTH DATA ELEMENTS

  • fixed length control field: 230606|| aca||aabn | a|a d

040 ## - CATALOGING SOURCE

  • Original cataloging agency: JO-AjAnu
  • Transcribing agency: JO-AjAnu

150 ## - HEADING--TOPICAL TERM

  • Topical term or geographic name entry element: السيرة النبوية-التاريخ الاسلامي

670 ## - SOURCE DATA FOUND

  • Source citation: Work cat.: (JO-AjAnu)12626: البرماوي،رعد محمود, author 24549, قراءة جديدة في العهد المكي:دار الأرقم بن أبي الأرقم ،الهجرة الى الحبشة ، هجرة الرسول صلى الله عليه وسلم الى المدينة